000
00277nam a2200109Ia 4500
008
220204s9999 xx 000 0 und d
082
_a
62(058)
_b
MET
100
_a
Metzger, Jerome F
245
0
_a
IC Master
260
_a
New York
_b
United Technical Publication
_c
1978
942
_c
BK
999
_c
29528
_d
29528